LEADER 00729nam0-22002651i-450- 001 990004803280403321 005 20100119104746.0 035 $a000480328 035 $aFED01000480328 035 $a(Aleph)000480328FED01 035 $a000480328 100 $a19990604g19239999km-y0itay50------ba 101 0 $aita 105 $ay-------001yy 200 1 $a<>narratori$fLuigi Russo 210 $aRoma$cFondazione Leonardo per la cultura italiana$d1923. 215 $a214 p.$d16 cm 700 1$aRusso,$bLuigi$f<1892-1961>$08483 801 0$aIT$bUNINA$gRICA$2UNIMARC 901 $aBK 912 $a990004803280403321 952 $a3/XIII E 14$bR.Bib. 10.953$fFLFBC 959 $aFLFBC 996 $aNarratori$987804 997 $aUNINA LEADER 01480nam 2200397 450 001 9910295815503321 005 20200503070417.0 010 $a1-5386-8207-9 035 $a(CKB)4100000007192365 035 $a(WaSeSS)IndRDA00122579 035 $a(EXLCZ)994100000007192365 100 $a20200503d2018 uy 0 101 0 $aeng 135 $aur||||||||||| 181 $ctxt$2rdacontent 182 $cc$2rdamedia 183 $acr$2rdacarrier 200 10$a2018 International Conference on Bangla Speech and Language Processing $e21-22 September 2018, Sylhet, Bangladesh /$fInstitute of Electrical and Electronics Engineers 210 1$aPiscataway, New Jersey :$cInstitute of Electrical and Electronics Engineers,$d2018. 215 $a1 online resource (45 pages) 311 $a1-5386-8208-7 606 $aBengali language$xData processing$vCongresses 606 $aSpeech processing systems$vCongresses 606 $aNatural language processing (Computer science)$vCongresses 608 $aElectronic books. 615 0$aBengali language$xData processing 615 0$aSpeech processing systems 615 0$aNatural language processing (Computer science) 676 $a006.454 712 02$aInstitute of Electrical and Electronics Engineers, 801 0$bWaSeSS 801 1$bWaSeSS 906 $aPROCEEDING 912 $a9910295815503321 996 $a2018 International Conference on Bangla Speech and Language Processing$92502950 997 $aUNINA